KOHA-Header-6

Management (Record no. 2689)

000 -LEADER
fixed length control field 00380nam a2200169Ia 4500
003 - CONTROL NUMBER IDENTIFIER
control field OSt
005 - DATE AND TIME OF LATEST TRANSACTION
control field 20191003110914.0
008 - FIXED-LENGTH DATA ELEMENTS--GENERAL INFORMATION
fixed length control field 190902s9999||||xx |||||||||||||| ||und||
020 ## - INTERNATIONAL STANDARD BOOK NUMBER
International Standard Book Number 978-0131087477
040 ## - CATALOGING SOURCE
Transcribing agency maju
082 ## - DEWEY DECIMAL CLASSIFICATION NUMBER
Classification number 658.5
100 ## - MAIN ENTRY--PERSONAL NAME
Personal name Stoner, Freeman, Gilbert
245 #0 - TITLE STATEMENT
Title Management
260 ## - PUBLICATION, DISTRIBUTION, ETC. (IMPRINT)
Place of publication, distribution, etc India
Name of publisher, distributor, etc Pearson
Date of publication, distribution, etc 1995
300 ## - PHYSICAL DESCRIPTION
Extent 630( E-1)
942 ## - ADDED ENTRY ELEMENTS (KOHA)
Koha item type Books
Source of classification or shelving scheme
Holdings
Withdrawn status Lost status Damaged status Not for loan Permanent Location Date acquired Barcode Date last seen Price effective from Koha item type
        MAJU 2019-09-02 6337 2019-09-02 2019-09-02 Books

Powered by Koha